Từ các triết gia tự nhiên đến Karl Marx
Tallennettuna:
| Päätekijä: | |
|---|---|
| Aineistotyyppi: | Kirja |
| Kieli: | Undetermined |
| Julkaistu: |
Tp. HCM
ĐHQG
2001
|
| Aiheet: | |
| Tagit: |
Lisää tagi
Ei tageja, Lisää ensimmäinen tagi!
|
| Thư viện lưu trữ: | Trung tâm Học liệu Trường Đại học Cần Thơ |
|---|
| LEADER | 00568nam a2200169Ia 4500 | ||
|---|---|---|---|
| 001 | CTU_46715 | ||
| 008 | 210402s9999 xx 000 0 und d | ||
| 082 | |a 109 | ||
| 082 | |b Nh500 | ||
| 100 | |a Trần Nhu | ||
| 245 | 0 | |a Từ các triết gia tự nhiên đến Karl Marx | |
| 245 | 0 | |c Trần Nhu, Nguyễn Thị Hồng Diễm, Nguyễn Thế Nghĩa | |
| 260 | |a Tp. HCM | ||
| 260 | |b ĐHQG | ||
| 260 | |c 2001 | ||
| 650 | |a philosophy - history,philosophy, ancient,philosophy, modern | ||
| 980 | |a Trung tâm Học liệu Trường Đại học Cần Thơ | ||